000 00529nam a22001697a 4500
005 20251108164305.0
008 250721s2009 xx 000 0 ara d
082 1 4 _a574.03/سلا
100 1 _aسلامة، ميرفانا ياسر
_eمؤلف
245 1 0 _aمعجم الأحياء : التعريفات العلمية /
264 1 _aعمان :
_bدار صفاء للنشر و التوزيع،
_c2009.
300 _a639ص.
650 1 7 _aالقواميس
650 1 7 _aعلم الاحياا
942 _2ddc
_cBK
999 _c8510
_d8510